Score 0/66 Timer 12:00
0 Plays Today
% Correct
Madagascar
83.3%
South Africa
83.3%
Morocco
81%
Niger
81%
Egypt
81%
Algeria
78.6%
Nigeria
73.8%
Libya
71.4%
Chad
71.4%
Sudan
71.4%
Lesotho
71.4%
Mali
69%
Somalia
69%
Ethiopia
69%
Democratic Republic of Congo
69%
Tanzania
69%
Senegal
66.7%
Tunisia
66.7%
Liberia
64.3%
Kenya
64.3%
Angola
64.3%
Mozambique
64.3%
Namibia
64.3%
Togo
61.9%
Central African Republic
61.9%
Zambia
61.9%
Botswana
61.9%
Mauritania
59.5%
Guinea
57.1%
Sierra Leone
57.1%
Ghana
57.1%
Uganda
57.1%
Rwanda
57.1%
% Correct
Burundi
57.1%
Swaziland
57.1%
Benin
54.8%
Eritrea
54.8%
Guinea Bissau
52.4%
Ivory Coast
52.4%
Gabon
52.4%
Congo
52.4%
Malawi
52.4%
Gambia
50%
Burkina Faso
50%
Cameroon
50%
Cameroon
50%
Djibouti
45.2%
Western Sahara
42.9%
Nile River
28.6%
Lake Victoria
23.8%
Zambezi River
19%
Niger River
16.7%
Lake Tanganyika
16.7%
Atlantic Ocean
14.3%
Lake Chad
14.3%
Indian Ocean
11.9%
Mediterranean Sea
9.5%
Senegal River
7.1%
Equi Guinea
7.1%
Mozambique Channel
7.1%
Mount Kenya
7.1%
Red Sea
4.8%
Lake Nyasa
4.8%
Zaire River
2.4%
Limpopo River
2.4%
Mount Kilamanjaro
2.4%
Remove Ads.
Support Sporcle.
Get the best of Sporcle when you Go Orange. This ad-free experience offers more features, more stats, and more fun while also helping to support Sporcle. Thank you for becoming a member.

You're not logged in!

Compare scores with friends on all Sporcle quizzes.
OR
Log In

Show Comments

Extras

Created Sep 7, 2017ReportNominate
Tags:Africa Quiz, landmark

Top Quizzes Today


Score Distribution

Your Account Isn't Verified!

In order to create a playlist on Sporcle, you need to verify the email address you used during registration. Go to your Sporcle Settings to finish the process.

Report this User

Report this user for behavior that violates our Community Guidelines.

Details: